Masih ada harapan

Bibliographic Details
Format: Book
Published: Kuala Lumpur : Penerbit Tinta , 1997
Series:Siri perspektif sains
Subjects:

MARC

LEADER 00000cam a2200000 7i4500
001 0000073162
005 20170528.0
008 170528
020 |a 9830411281 
090 0 0 |a JF   |b MAL 
245 0 0 |a Masih ada harapan   |c Disusun oleh Azizah Shariff 
260 |a Kuala Lumpur :   |b Penerbit Tinta ,   |c 1997 
300 |a 128pg :   |b .ill 
490 1 |a Siri perspektif sains 
500 |a Children ages 7-9 years old (orange) 
650 0 |a Children's stories, Malay 
650 0 |a Science   |x Fiction 
999 |a 0000462209   |b Book   |c Children Collection   |e Cawangan Bandar Penawar 
999 |a 0000462225   |b Book   |c Children Collection   |e Cawangan Pontian 
999 |a 0000770207   |b Book   |c Children Collection   |e Cawangan Bandar Penawar 
999 |a 0000785461   |b Book   |c Children Collection   |e Cawangan Pontian 
999 |a 0000785462   |b Book   |c Children Collection   |e Cawangan Pontian 
999 |a 0000785463   |b Book   |c Children Collection   |e Cawangan Pontian 
999 |a 0000785464   |b Book   |c Children Collection   |e Cawangan Pontian 
999 |a 0000785465   |b Book   |c Children Collection   |e Cawangan Pontian 
999 |a 0000790877   |b Book   |c Children Collection   |e Cawangan Segamat 
999 |a 0000790878   |b Book   |c Children Collection   |e Cawangan Segamat 
999 |a 0000790879   |b Book   |c Children Collection   |e Cawangan Segamat